プロ野球スピリッツA【プロスピA】 投手の適性が全てS能力の選手名 - Statistics

General Stats
  • This quiz has been taken 78 times
    3 since last reset
  • The average score is 5 of 30
Answer Stats
球団名 登場Series 登場時のメインポジション レアリティ 選手名 % Correct
阪神 2016S1 先発 覚醒 藤川球児
67%
DeNA 2025S2 先発 OB 秋山登
67%
西武 2023S12025S1 先発抑え 通常 エキサイティング 平良海馬
67%
巨人 2022S1 抑え セレクション 大勢
33%
中日 2024S2 先発 OB 権藤博
33%
ロッテ 2026S1 先発 覚醒 石垣元気
33%
ロッテ 2025S2 中継ぎ OB 木樽正明
33%
オリックス 2016S22017S1 2024S2 中継ぎ 通常OB 塚原頌平
33%
オリックス 2017S1 先発 覚醒 山岡泰輔
33%
西武 2015~2017S2
2018S2 2019S2 2023S2
2025S2
中継ぎ 抑え 侍ジャパン 通常  セレクション  WS 牧田和久
33%
西武 2019S22021S2 2024S2 先発 OB 稲尾和久
33%
オリックス 2019S2 抑え 通常 B.ディクソン
33%
阪神 2020S2 抑え 通常 B9&TH R.スアレス
33%
巨人 2024S1 先発 覚醒 西舘勇陽
0%
広島 2021S2 先発 OB 安仁屋宗八
0%
ヤクルト 2023S1 先発 覚醒 吉村貢司郎
0%
ヤクルト 2021S2 中継ぎ OB 内藤尚行
0%
ヤクルト 2017S1 中継ぎ 通常 石山泰稚
0%
ソフトバンク 2024S2 先発 OB 皆川睦男
0%
ソフトバンク 2023S2 先発 OB 村上雅則
0%
日本ハム 2022S2 中継ぎ 通常 北山亘基
0%
日本ハム 2018S2 中継ぎ 通常 浦野博司
0%
日本ハム 2017S2 抑え 通常 白村明弘
0%
オリックス 2025S2 先発 OB 梶本隆夫
0%
オリックス 2017S2 中継ぎ 通常 侍ジャパン 近藤大亮
0%
オリックス 2016S22017S1 2017S2 中継ぎ 通常 吉田一将
0%
西武 2016S2 先発 覚醒 十亀剣
0%
ソフトバンク 2024S1 先発 通常 L.モイネロ
0%
ヤクルト 2018S2 先発 通常 M.カラシティー
0%
ヤクルト 2024S2 中継ぎ OB O.ロマン
0%
No matching quizzes found
Score Distribution
Percent of People with Each Score
Percentile by Number Answered
Your Score History
You have not taken this quiz since the last reset